| 000 | 00777nam a2200229Ia 4500 | ||
|---|---|---|---|
| 003 | BUBTL | ||
| 008 | 151213s9999 xx 000 0 und d | ||
| 041 | _aবাংলা ও ইংরেজি | ||
| 082 | _a346.022/ J243l/ 2008 | ||
| 100 |
_aজামিল, সৈয়দ হাসান _95467 |
||
| 245 |
_aচুুক্তি আইন/ _cসৈয়দ হাসান জামিল |
||
| 250 | _a১ম সং | ||
| 260 |
_aঢাকা _bসামছ পাবলিকেশন্স _cc2008 |
||
| 300 |
_a497 p. : _bill. 22 cm. |
||
| 526 | _aLaw | ||
| 650 | _aLaw | ||
| 650 | _a | ||
| 700 |
_aসৈয়দ হাসান জামিল _95516 |
||
| 856 |
_k0 _l0 _yDownload |
||
| 942 |
_2ddc _cBK |
||
| 999 |
_c3422 _d3422 |
||